The race to save inca mummies (Record no. 5509)

MARC details
000 -LEADER
fixed length control field 00488nam a22001697a 4500
005 - DATE AND TIME OF LATEST TRANSACTION
control field 20250513151842.0
008 - FIXED-LENGTH DATA ELEMENTS--GENERAL INFORMATION
fixed length control field 250513b |||||||| |||| 00| 0 eng d
040 ## - CATALOGING SOURCE
Transcribing agency DepED Dasmarinas City
245 ## - TITLE STATEMENT
Title The race to save inca mummies
250 ## - EDITION
Edition statement May 2002 Vol. 201 No.5
300 ## - PHYSICAL DESCRIPTION
Accompanying material Map Included
490 ## - SERIES STATEMENT
SERIES STATEMENT National Geographic
520 ## - SUMMARY, ETC.
Summary, etc. FOOD: How Safe? How Altered?, Uncommon Vision, Catfish Hunters, Inca Rescue, Italy's Po river, 60614
650 ## - SUBJECT ADDED ENTRY--TOPICAL TERM
General subdivision INCA
650 ## - SUBJECT ADDED ENTRY--TOPICAL TERM
General subdivision RIVER
942 ## - ADDED ENTRY ELEMENTS (KOHA)
Source of classification or shelving scheme Dewey Decimal Classification
Koha item type Continuing Resources
999 ## -
-- 5509
-- 5509
Holdings
Homebranch current branch Barcode
DepED Dasmarinas City DepED Dasmarinas City DSMSR052002-070